Enrique Marty (Record no. 13324)

MARC details
000 - LÍDER
campo de control de longitud fija 01132nam a2200241Ia 4500
008 - ELEMENTOS DE DATOS DE LONGITUD FIJA - INFORMACIÓN GENERAL
campo de control de longitud fija 0000002002 sp ad 0000000000spa00
090 ## - NÚMERO DE LLAMADA DE TIPO LC LOCALMENTE ASIGNADO (OCLC)
Número de clasificación (OCLC) (R) PSP00 M17e
100 1# - ENTRADA PRINCIPAL - NOMBRE PERSONAL
Nombre de la persona Marty, Enrique
Fechas asociadas a un nombre 1969
245 10 - TÍTULO DECLARACIÓN
Título Enrique Marty
Resto del título : Orlando (Velo de novia)
Declaración de responsabilidad / textos y fotografías Enrique Marty
260 ## - PUBLICACIÓN, DISTRIBUCIÓN
Lugar de publicación Pamplona : Universidad Pública de Navarra
Fecha de publicación 2002
300 ## - DESCRIPCIÓN FÍSICA
Alcance 36 p.
Dimensiones / 22 cm.
500 ## - NOTA GENERAL
Nota general Exposición realizada en Sala de Cultura Carlos III, Universidad Pública de Navarra, noviembre 8 diciembre 8, 2002 \ Incluye cronologa del artista
501 ## - Con nota
Con nota Veo de novia
505 ## - NOTA DE CONTENIDO FORMATEADA
Nota sobre el contenido formateado OBRAS : Mascarilla de belleza Mi padre en la cuna Familia Vacaciones Mis juguetes nuevos Místico El jardín del amor Casa vacía Mis pades La visita Libertino Poseida Pesadilla de superwoman
600 00 - ENTRADA DE SUJETO AÑADIDO - NOMBRE PERSONAL
Nombre de la persona MARTY, ENRIQUE, 1969/
Subdivisión general TRABAJOS PICTORICOS
650 14 - ENTRADA DE SUJETO AÑADIDO - TÉRMINO TÓPICO
Término tópico o elemento de entrada del nombre geográfico ARTE CONTEMPORANEO ESPAÑOL
650 14 - ENTRADA DE SUJETO AÑADIDO - TÉRMINO TÓPICO
Término tópico o elemento de entrada del nombre geográfico ARTISTAS PLASTICOS ESPAÑOLES EXPOSIONES
650 14 - ENTRADA DE SUJETO AÑADIDO - TÉRMINO TÓPICO
Subdivisión general CATALOGOS
650 14 - ENTRADA DE SUJETO AÑADIDO - TÉRMINO TÓPICO
Subdivisión general EXPOSICIONES
650 14 - ENTRADA DE SUJETO AÑADIDO - TÉRMINO TÓPICO
Término tópico o elemento de entrada del nombre geográfico FOTOGRAFIA ESPAÑOLA
650 14 - ENTRADA DE SUJETO AÑADIDO - TÉRMINO TÓPICO
Término tópico o elemento de entrada del nombre geográfico PINTURA (TECNICA MIXTA)
650 14 - ENTRADA DE SUJETO AÑADIDO - TÉRMINO TÓPICO
Término tópico o elemento de entrada del nombre geográfico PINTURA ESPAÑOLA
Holdings
Estado de retirada Pérdida de estatus Estado dañado No para préstamo Código de recogida Ubicación permanente Ubicación actual Ubicación de las estanterías Fecha de adquisición Número de llamada completo Código de barras Fecha de la última vez que se vio Número de copia Precio efectivo desde Tipo de artículo Koha
        General ArtNexus ArtNexus General 06/09/2022 P-SP-00 M17E 13491 06/09/2022 Ej.1 06/09/2022 Libro

Powered by Koha